Rǧimen fiscal de la enajenacin̤ de acciones 2018

Detalles Bibliográficos
Autor principal: Luna Guerra, Antonio
Formato: eBook
Lenguaje:español
Publicado: Ciudad de Mx̌ico: Ediciones Fiscales ISEF, 2018
Materias:
Acceso en línea:Acceso restringido

MARC

LEADER 00000nam a22000007a 4500
005 20180414234923.0
007 cr|||| ||||
008 180414s2018 mx |||||s|||| 00||0 spa d
020 |a 978-607-541-003-6 
035 |a 21347 
040 |a vLex 
090 |c 7767  |d 7767 
100 1 |a Luna Guerra, Antonio 
245 1 0 |a Rǧimen fiscal de la enajenacin̤ de acciones 2018  |h [Recurso electrn̤ico] /  |c Antonio Luna Guerra 
256 |a Servicio en ln̕ea 
260 |a Ciudad de Mx̌ico:  |b Ediciones Fiscales ISEF,  |c 2018 
300 |a 1 recurso electrn̤ico 
500 |a La ENAJENACIÓN DE ACCIONES es un tema que entrelaza tanto lo legal como lo fiscal, es por ello que esta obra va dirigida a contadores y abogados que deseen dominar el tema a travš de casos prc̀ticos, pues tuvo modificaciones a partir del ejercicio 2002 debido a la reforma de la Ley del ISR, y se ha venido ajustando mediante de la Resolucin̤ Miscelǹea. 
506 1 |a Disponible solo en los productos indicados  |d vLex Global  |d vLex Global (Academic Edition, excluding Law Schools)  |d vLex Global (U.S. Academic Edition, Law Schools)  |d vLex Global (U.S. Academic Edition, excluding Law Schools)  |d vLex Global (Academic Edition, Law Schools) 
650 0 4 |a Derecho Fiscal  |z Mx̌ico 
740 0 |a vLex Libros (Servicio en ln̕ea) 
856 4 0 |u http://vlex.com/source/regimen-fiscal-de-la-enajenacion-de-acciones-2018-21347  |z Acceso restringido 
942 |c BOOK 
999 0 |a Tax Law